[Event "ProMoPro Open 2003"]
[Site "?"]
[Date "2003.09.14"]
[Round "9.4"]
[White "Stross, Frantisek"]
[Black "Jirka, Jiri"]
[Result "0-1"]
[WhiteElo "2229"]
[BlackElo "2400"]
[PlyCount "96"]
[EventDate "2003.09.06"]

1. e4 e5 2. Nf3 Nc6 3. Bb5 Nd4 4. Nxd4 exd4 5. O-O Bc5 6. Qh5 Qe7 7. d3 Nf6 8.
Qh4 c6 9. Bc4 d5 10. exd5 cxd5 11. Bb3 Be6 12. c3 dxc3 13. Nxc3 O-O 14. Bg5
Rad8 15. d4 Bb6 16. Na4 Bc7 17. Nc5 b6 18. Nd3 h6 19. Bxf6 Qxf6 20. Qxf6 gxf6
21. Rac1 Bd6 22. a3 Rfe8 23. Rfe1 Kf8 24. g3 a5 25. f3 Rc8 26. Kf2 b5 27. Nf4
a4 28. Ba2 Bxf4 29. gxf4 Red8 30. Ke3 Ke7 31. Kd2 Kd6 32. Bb1 Rxc1 33. Rxc1 Rg8
34. Kc3 Rg2 35. Bd3 Rxh2 36. Bxb5 Rf2 37. Bxa4 Rxf3+ 38. Kb4 Rxf4 39. Rc6+ Ke7
40. Kc5 h5 41. Rc7+ Kf8 42. Bc6 h4 43. Kd6 Rxd4 44. Bb5 Rd2 45. b4 h3 46. Rc1
h2 47. a4 Bg4 48. a5 Rd1 {bily se vzdal} 0-1

[Event "ProMoPro Open 2003"]
[Site "?"]
[Date "2003.09.13"]
[Round "8.9"]
[White "Dusek, Martin"]
[Black "Sodoma, Jan"]
[Result "0-1"]
[WhiteElo "2146"]
[BlackElo "2183"]
[PlyCount "30"]
[EventDate "2003.09.06"]

1. e4 e5 2. Nf3 Nc6 3. Bb5 a6 4. Bxc6 dxc6 5. O-O Bg4 6. c3 Qf6 7. d4 Bxf3 8.
Qxf3 exd4 9. Qxf6 Nxf6 10. cxd4 O-O-O 11. e5 Nd5 12. Be3 c5 13. Rd1 Nxe3 14.
fxe3 cxd4 15. exd4 Bc5 {bily se vzdal} 0-1

[Event "ProMoPro Open 2003"]
[Site "?"]
[Date "2003.09.13"]
[Round "8.29"]
[White "Janota, Jiri"]
[Black "Hybl, Vladislav"]
[Result "0-1"]
[WhiteElo "1571"]
[BlackElo "1827"]
[PlyCount "51"]
[EventDate "2003.09.06"]

1. e4 e6 2. d4 d5 3. e5 c5 4. Nc3 cxd4 5. Nb5 Nc6 6. Nf3 Bc5 7. Bd3 f5 8. a3 h6
9. O-O a6 10. Nbxd4 Nxd4 11. Nxd4 Bxd4 12. Qh5+ Kf8 13. c3 Bc5 14. Bxf5 exf5
15. e6 Bxe6 16. Re1 Qf6 17. Bf4 Bf7 18. Qh3 Re8 19. Red1 g5 20. Bc7 Be6 21. c4
Rh7 22. Ba5 Rd7 23. cxd5 Rxd5 24. Rxd5 Bxd5 25. Bc3 Qe6 26. b4 {bily se vzdal}
0-1

[Event "ProMoPro Open 2003"]
[Site "?"]
[Date "2003.09.13"]
[Round "8.19"]
[White "Rmoutil, Martin"]
[Black "Vohnout, Pavel"]
[Result "1-0"]
[WhiteElo "1841"]
[BlackElo "2008"]
[PlyCount "31"]
[EventDate "2003.09.06"]

1. d4 d5 2. c4 e6 3. Nc3 Nf6 4. Bg5 Be7 5. e3 O-O 6. Nf3 Nbd7 7. Qc2 c6 8. Rd1
h6 9. h4 Re8 {#} 10. g4 hxg5 11. hxg5 Ne4 12. Nxe4 dxe4 13. Qxe4 Bb4+ 14. Ke2
Nf8 15. Ne5 Qxg5 16. Rh8+ {cerny se vzdal} 1-0

[Event "ProMoPro Open 2003"]
[Site "?"]
[Date "2003.09.13"]
[Round "8.4"]
[White "Stehno, Pavel"]
[Black "Csala, Jan"]
[Result "1/2-1/2"]
[WhiteElo "2327"]
[BlackElo "2204"]
[PlyCount "37"]
[EventDate "2003.09.06"]

1. e4 c5 2. Nf3 g6 3. Nc3 Bg7 4. d3 Nc6 5. g3 e6 6. Bg2 Nge7 7. Be3 b6 8. O-O
O-O 9. d4 d6 10. Qd2 e5 11. dxc5 dxc5 12. Nd5 Nd4 13. Nh4 Nxd5 14. exd5 Qd6 15.
f4 Nf5 16. Nxf5 Bxf5 17. fxe5 Bxe5 18. c3 Bd7 19. Rae1 {remis} 1/2-1/2

[Event "ProMoPro Open 2003"]
[Site "?"]
[Date "2003.09.13"]
[Round "8.31"]
[White "Hampel, Rudolf"]
[Black "Steinhauser, Dominik"]
[Result "1-0"]
[WhiteElo "1757"]
[BlackElo "1793"]
[PlyCount "67"]
[EventDate "2003.09.06"]

1. e4 c5 2. Nc3 Nc6 3. f4 d6 4. Nf3 Nf6 5. Bc4 e6 6. d3 d5 7. Bb3 b5 8. e5 Nd7
9. a4 b4 10. Ne2 Be7 11. c3 O-O 12. d4 c4 13. Bc2 b3 14. Bb1 Re8 15. f5 Nf8 16.
Ng3 Bh4 17. Nxh4 Qxh4 18. O-O exf5 19. Nxf5 Qd8 20. Qg4 Ng6 21. Bg5 Qd7 22. Qg3
Qb7 23. Nd6 Qd7 24. Nxe8 Qxe8 25. h4 Nge7 26. Bf6 Qf8 27. h5 Kh8 28. Bg5 Ba6
29. Qh4 Rb8 30. h6 g6 31. Bf6+ Kg8 32. Bg7 Qc8 33. Qf6 Nd8 34. Qxe7 {
cerny se vzdal} 1-0

[Event "ProMoPro Open 2003"]
[Site "?"]
[Date "2003.09.13"]
[Round "8.25"]
[White "Kriz, Pavel"]
[Black "Steinhauser, Antonin"]
[Result "0-1"]
[WhiteElo "1792"]
[BlackElo "1913"]
[PlyCount "86"]
[EventDate "2003.09.06"]

1. e4 c5 2. Nf3 d6 3. d4 cxd4 4. Nxd4 Nf6 5. Nc3 g6 6. f4 Nc6 7. Nxc6 bxc6 8.
Be2 Bg7 9. e5 dxe5 10. Qxd8+ Kxd8 11. Bf3 e4 12. Nxe4 Nxe4 13. Bxe4 Kc7 14. Bd2
Rb8 15. Ba5+ Kb7 16. O-O-O {#} 16... Bxb2+ 17. Kxb2 Ka6+ 18. Ka1 Kxa5 19. Bxc6
Be6 20. Bd5 Bxd5 21. Rxd5+ Ka6 22. Rc1 Rhd8 23. Re5 e6 24. Re2 Rd4 25. g3 Rbd8
26. c4 Rd2 27. Rc2 Rxe2 28. Rxe2 Kb6 29. Kb2 Kc5 30. Kc3 Rd1 31. Re5+ Kb6 32.
Rb5+ Kc6 33. Rb2 a6 34. Kb4 Rd7 35. Ka5 Rb7 36. Rc2 Rb8 37. Rd2 f6 38. Re2 Re8
39. Rb2 e5 40. fxe5 fxe5 41. a4 e4 42. Rb6+ Kc5 43. Rxa6 e3 {bily se vzdal} 0-1

[Event "ProMoPro Open 2003"]
[Site "?"]
[Date "2003.09.13"]
[Round "8.20"]
[White "Hoskovec, Josef"]
[Black "Hackel, Ludek"]
[Result "0-1"]
[WhiteElo "1891"]
[BlackElo "2107"]
[PlyCount "54"]
[EventDate "2003.09.06"]

1. e4 c5 2. c3 Nf6 3. e5 Nd5 4. d4 cxd4 5. Qxd4 e6 6. Nf3 Qc7 7. Bd3 Nc6 8. Qe4
d6 9. exd6 Bxd6 10. c4 Nf6 11. Qe2 h6 12. Nc3 a6 13. Ne4 Nxe4 14. Bxe4 Bd7 15.
Bd2 O-O-O 16. O-O f5 17. Bxc6 Bxc6 18. Qxe6+ Kb8 19. Qxf5 Rhf8 20. Qa5 Bxf3 21.
gxf3 Qc6 22. f4 Bc7 23. Qc3 Qg6+ 24. Kh1 Rd3 25. Qb4 Qc6+ 26. f3 Rf6 27. c5
Rxf3 {bily se vzdal} 0-1

[Event "ProMoPro Open 2003"]
[Site "?"]
[Date "2003.09.13"]
[Round "8.14"]
[White "Pribyl, Josef"]
[Black "Erneker, Josef"]
[Result "1-0"]
[WhiteElo "2393"]
[BlackElo "1990"]
[PlyCount "67"]
[EventDate "2003.09.06"]

1. d4 Nf6 2. Nf3 g6 3. Nc3 Bg7 4. e4 d6 5. Bc4 O-O 6. Qe2 Nc6 7. Bg5 h6 8. Bxf6
exf6 9. O-O-O f5 10. e5 Re8 11. Rhe1 Na5 12. Bd3 d5 13. h4 a6 14. Qd2 b6 15.
Ne2 c5 16. c3 c4 17. Bc2 Be6 18. Ng3 Qd7 19. h5 g5 20. Nxg5 hxg5 21. Qxg5 Qe7
22. Qxe7 Rxe7 23. Nxf5 Bxf5 24. Bxf5 Bh6+ 25. Kb1 Rae8 26. Rf1 Nc6 27. f4 Nd8
28. g4 Ne6 29. g5 Bf8 30. h6 Rb7 31. h7+ Kg7 32. g6 fxg6 33. Bxg6 Reb8 34. Bf5
{cerny se vzdal} 1-0

[Event "ProMoPro Open 2003"]
[Site "?"]
[Date "2003.09.13"]
[Round "8.10"]
[White "Forman, Stepan"]
[Black "Chalupa, Ivan"]
[Result "0-1"]
[WhiteElo "2252"]
[BlackElo "2086"]
[PlyCount "64"]
[EventDate "2003.09.06"]

1. e4 e5 2. Nf3 Nc6 3. c3 d5 4. Bb5 dxe4 5. Nxe5 Qd5 6. Qa4 Nge7 7. Nxc6 Nxc6
8. O-O Bf5 9. d4 exd3 10. Re1+ Be6 11. Bf4 O-O-O 12. b4 Nb8 13. Re5 Qd6 14. Nd2
a6 15. Nc4 Bxc4 16. Bxc4 b5 17. Bxb5 axb5 18. Rxb5 Qxf4 19. Qa8 Bd6 20. Rxb8+
Kd7 21. Qa4+ Ke7 22. g3 Qf3 23. Re1+ Kf6 24. Re3 Qe2 25. Rb5 Rhe8 26. Qb3 Rxe3
27. Rf5+ Kxf5 28. Qxf7+ Ke5 29. Qxg7+ Kd5 30. Qd4+ Kc6 31. b5+ Kb7 32. Qd5+ Kb8
{bily se vzdal} 0-1

[Event "ProMoPro Open 2003"]
[Site "?"]
[Date "2003.09.13"]
[Round "8.17"]
[White "Steinhauser, Frantisek"]
[Black "Horyna, Josef"]
[Result "0-1"]
[WhiteElo "1763"]
[BlackElo "2029"]
[PlyCount "96"]
[EventDate "2003.09.06"]

1. e4 e6 2. d4 d5 3. e5 c5 4. c3 Nc6 5. Nf3 Bd7 6. Bd3 cxd4 7. cxd4 Qb6 8. O-O
Be7 9. Nc3 Nxd4 10. Nxd4 Qxd4 11. Nb5 Qxe5 12. Qa4 Qb8 13. Bf4 e5 14. Bf5 Bc6
15. Qa5 Bxb5 16. Qxb5+ Kf8 17. Rac1 Qd6 18. Qxb7 Rd8 19. Rc6 Qb4 20. Qxb4 Bxb4
21. Bxe5 Ne7 22. Rc7 Nxf5 23. Rxa7 h5 24. h3 f6 25. Bf4 g5 26. Ra6 Kf7 27. Bg3
h4 28. Bh2 Rhe8 29. a3 Bd6 30. b4 Bxh2+ 31. Kxh2 Ra8 32. Rxa8 Rxa8 33. Ra1 Nd6
34. a4 Ke6 35. Kg1 d4 36. Kf1 Kd5 37. a5 Kc4 38. Rb1 Nb5 39. Ke1 Nc3 40. Rb2 d3
41. Kd2 Re8 42. a6 Re2+ 43. Kc1 Rxb2 44. Kxb2 Nb5 45. Kc1 Kxb4 46. Kd2 Kc4 47.
g3 Kd4 48. gxh4 gxh4 {bily se vzdal} 0-1

[Event "ProMoPro Open 2003"]
[Site "?"]
[Date "2003.09.13"]
[Round "8.8"]
[White "Londyn, Radek"]
[Black "Jinova, Lucie"]
[Result "1-0"]
[WhiteElo "2152"]
[BlackElo "2116"]
[PlyCount "85"]
[EventDate "2003.09.06"]

1. e4 e6 2. d4 d5 3. e5 c5 4. c3 Qb6 5. a3 a5 6. Nf3 Bd7 7. Be2 Nc6 8. b3 cxd4
9. cxd4 Nge7 10. Nc3 Nf5 11. Na4 Qa7 12. Be3 Be7 13. O-O O-O 14. Bd3 Rac8 15.
Bxf5 exf5 16. Nc3 Be6 17. Qd3 g6 18. h4 Rfd8 19. Bg5 Bxg5 20. hxg5 f4 21. Qd2
Bg4 22. Nb5 Qb6 23. a4 Bxf3 24. gxf3 Ne7 25. Qxf4 Nf5 26. Rac1 Rc6 27. Rfe1 Ng7
28. Nd6 Qc7 29. Rxc6 bxc6 30. Rc1 Ne6 31. Rxc6 Nxf4 32. Rxc7 Ne2+ 33. Kh1 Nxd4
34. Nxf7 Rb8 35. Nh6+ Kf8 36. Rf7+ Ke8 37. Rxh7 Rxb3 38. Rg7 Rxf3 39. Kg2 Ra3
40. Rxg6 Rxa4 41. Rf6 Rb4 42. g6 Rb7 43. Nf7 {cerny se vzdal} 1-0

[Event "ProMoPro Open 2003"]
[Site "?"]
[Date "2003.09.13"]
[Round "8.12"]
[White "Novak, Jinrich"]
[Black "Kucera, Tomas"]
[Result "1-0"]
[WhiteElo "2020"]
[BlackElo "2111"]
[PlyCount "106"]
[EventDate "2003.09.06"]

1. Nf3 Nf6 2. c4 d6 3. g3 g6 4. Bg2 Bg7 5. O-O O-O 6. d4 Nc6 7. Nc3 e5 8. dxe5
Nxe5 9. Nxe5 dxe5 10. Qxd8 Rxd8 11. Bg5 Rd4 12. Nd5 Nxd5 13. cxd5 e4 14. Rad1
Bf5 15. b3 Rxd1 16. Rxd1 Be5 17. f3 exf3 18. Bxf3 Re8 19. e4 Bd7 20. Bf4 f6 21.
Rc1 c6 22. Kg2 Bd4 23. h4 a5 24. a4 Kg7 25. g4 h6 26. Bc7 Ra8 27. Bf4 Re8 28.
g5 hxg5 29. hxg5 fxg5 30. Bxg5 Be5 31. Bd2 Ra8 32. dxc6 Bxc6 33. Rc5 Bc7 34. e5
Bb6 35. Rc4 Rd8 36. Bc3 Bxf3+ 37. Kxf3 Rd3+ 38. Ke4 Re3+ 39. Kf4 Kf7 40. b4
axb4 41. Bxb4 Rh3 42. Kg4 Re3 43. Bd6 Rb3 44. Rf4+ Ke6 45. Rf6+ Kd5 46. Rxg6
Bd4 47. Kf4 Bxe5+ 48. Bxe5 Rb4+ 49. Kf5 Rxa4 50. Rb6 Re4 51. Rd6+ Kc4 52. Kxe4
b5 53. Rc6+ Kb3 {cerny se vzdal} 1-0

[Event "ProMoPro Open 2003"]
[Site "?"]
[Date "2003.09.13"]
[Round "8.24"]
[White "Bernasek, Vaclav"]
[Black "Krivanek, Vladimir"]
[Result "1-0"]
[WhiteElo "1990"]
[BlackElo "1744"]
[PlyCount "115"]
[EventDate "2003.09.06"]

1. e4 e5 2. Nc3 Nf6 3. Nf3 Nc6 4. Bb5 Nd4 5. Ba4 Nxf3+ 6. Qxf3 c6 7. d3 h6 8.
Bd2 Qa5 9. Bb3 Bb4 10. O-O d6 11. a3 Bc5 12. Kh1 b5 13. Qe2 Qc7 14. Be3 Bb6 15.
f4 Bg4 16. Qf2 Be6 17. Bxe6 fxe6 18. Bxb6 axb6 19. fxe5 dxe5 20. Qg3 Rd8 21.
Qg6+ Qf7 22. Qxf7+ Kxf7 23. b3 Ke7 24. a4 b4 25. Nd1 Rhf8 26. Ne3 Ra8 27. Kg1
Nd7 28. Rxf8 Rxf8 29. Rf1 Rxf1+ 30. Kxf1 h5 31. Kf2 g5 32. Nf1 Kd6 33. Ke3 Kc5
34. Ng3 Nf6 35. h3 Kd6 36. Ne2 h4 37. g4 hxg3 38. Nxg3 Kc5 39. Kd2 Kd4 40. Ne2+
Kc5 41. c3 bxc3+ 42. Kxc3 Nh5 43. b4+ Kd6 44. Kc4 Nf4 45. Ng1 b5+ 46. axb5
cxb5+ 47. Kxb5 Nxd3 48. Nf3 g4 49. hxg4 Nf2 50. g5 Nxe4 51. g6 Ke7 52. Kc6 Nf6
53. Nxe5 Nd5 54. b5 Kf6 55. b6 Kxe5 56. g7 Kf6 57. g8=Q Ne7+ 58. Kd7 {
cerny se vzdal} 1-0

[Event "ProMoPro Open 2003"]
[Site "?"]
[Date "2003.09.13"]
[Round "8.6"]
[White "Jirka, Jiri"]
[Black "Urbanek, Stepan"]
[Result "1-0"]
[WhiteElo "2400"]
[BlackElo "2120"]
[PlyCount "73"]
[EventDate "2003.09.06"]

1. d4 Nf6 2. c4 g6 3. g3 c6 4. Bg2 d5 5. Nf3 Bg7 6. cxd5 cxd5 7. Nc3 O-O 8. Ne5
Nc6 9. Nxc6 bxc6 10. O-O Bf5 11. Na4 Nd7 12. Be3 Qa5 13. Rc1 Rfc8 14. b3 Kh8
15. Re1 f6 16. Bd2 Qd8 17. Nc5 Nxc5 18. Rxc5 e5 19. Ba5 Qe7 20. Qd2 e4 21. Rec1
Bd7 22. Bb4 Qe6 23. Ra5 Bf8 24. Bxf8 Rxf8 25. Ra6 Rfb8 26. Rc5 Qe7 27. Qa5 Be8
28. e3 f5 29. b4 g5 30. a4 Qb7 31. b5 cxb5 32. Rc7 b4 33. Rxb7 Rxb7 34. Qxd5
Rab8 35. Qxf5 Bg6 36. Qe5+ Kg8 37. Rxa7 {cerny se vzdal} 1-0

[Event "ProMoPro Open 2003"]
[Site "?"]
[Date "2003.09.13"]
[Round "8.23"]
[White "Voboril, Pavel"]
[Black "Nemcova, Kristyna"]
[Result "0-1"]
[WhiteElo "2109"]
[BlackElo "1808"]
[PlyCount "106"]
[EventDate "2003.09.06"]

1. e4 e5 2. Nf3 Nc6 3. Be2 Nf6 4. d3 d5 5. Nbd2 Be7 6. c3 O-O 7. Qc2 Re8 8. h3
a6 9. Nf1 b5 10. g4 dxe4 11. dxe4 Bb7 12. Be3 Nd7 13. O-O-O Qc8 14. Ng3 Na5 15.
Kb1 c5 16. h4 Qc6 17. Nd2 Nb6 18. g5 Nac4 19. Nxc4 Nxc4 20. Bc1 Nb6 21. h5 Rad8
22. Rdg1 g6 23. hxg6 fxg6 24. Bd1 Bf8 25. Rh4 Re7 26. Nf1 Nc8 27. Ne3 Rf7 28.
Nd5 Be7 29. c4 b4 30. f4 exf4 31. Qh2 Qe6 32. Rxh7 Rxh7 33. Qxf4 Rf8 34. Qe3
Nb6 35. Bg4 Qc6 36. b3 Bc8 37. Be2 Nxd5 38. cxd5 Qd6 39. e5 Bf5+ 40. Ka1 Qd7
41. Bc4 Bd8 42. Qxc5 a5 43. Rf1 Rh4 44. d6+ Kh7 45. Qf2 Rh5 46. Rg1 Re8 47. Qe2
Bb6 48. Re1 Bd4+ 49. Bb2 Rxe5 50. Bxd4 Rxe2 51. Bxe2 Qxd6 52. Rd1 Rxg5 53. Bb2
Qxd1+ {bily se vzdal} 0-1

[Event "ProMoPro Open 2003"]
[Site "?"]
[Date "2003.09.13"]
[Round "8.22"]
[White "Korsa, Jindrich"]
[Black "Matocha, Pavel"]
[Result "1/2-1/2"]
[WhiteElo "1995"]
[BlackElo "1998"]
[PlyCount "143"]
[EventDate "2003.09.06"]

1. e4 c5 2. Nf3 a6 3. d4 cxd4 4. Nxd4 Nf6 5. Nc3 e5 6. Nb3 Bb4 7. Bd3 d5 8.
exd5 Qxd5 9. O-O Bxc3 10. bxc3 Qc6 11. Ba3 b6 12. Qe2 Nbd7 13. Rfe1 Bb7 14. f3
Nd5 15. c4 Nf4 16. Qe3 Ne6 17. Rab1 f6 18. Be4 Qc7 19. Bxb7 Qxb7 20. c5 b5 21.
Red1 Kf7 22. Rd6 Qa7 23. Rbd1 Rhd8 24. Kf2 Ndf8 25. c6 Qxe3+ 26. Kxe3 Rxd6 27.
Rxd6 a5 28. Ke4 b4 29. Bc1 a4 30. Nd2 Ra5 31. Nc4 Rc5 32. Kd3 Nd4 33. Be3 Nfe6
34. Rd7+ Kg6 35. c7 Rc6 36. Bxd4 Nf4+ 37. Kd2 Rxc4 38. Bb6 Ne6 39. Re7 Nd4 40.
Re8 Rxc2+ 41. Kd1 b3 42. axb3 axb3 43. Bxd4 Rxc7 44. Be3 Rc2 45. Bd2 Ra2 46.
Rb8 b2 47. Ke2 h5 48. Rb3 Kf5 49. Kd3 Ra1 50. Rxb2 g5 51. Ke3 g4 52. Kf2 Rh1
53. Kg3 h4+ 54. Kxh4 gxf3 55. Kg3 f2 56. Kxf2 Rxh2 57. Rb8 Ke4 58. Ba5 f5 59.
Rb4+ Kd5 60. Bc7 Rh7 61. Bb8 Kc5 62. Ra4 Kb5 63. Ra7 Rxa7 64. Bxa7 Kc6 65. Ke3
Kd5 66. Kd3 Ke6 67. Bf2 Kd5 68. Bb6 Kc6 69. Ba7 Kb7 70. Kc4 Kxa7 71. Kd5 e4 72.
Kd4 {remis} 1/2-1/2

[Event "ProMoPro Open 2003"]
[Site "?"]
[Date "2003.09.13"]
[Round "8.2"]
[White "Studnicka, Tomas"]
[Black "Matras, Ondrej"]
[Result "1/2-1/2"]
[WhiteElo "2282"]
[BlackElo "2242"]
[PlyCount "122"]
[EventDate "2003.09.06"]

1. d4 Nf6 2. c4 g6 3. Nc3 Bg7 4. e4 d6 5. f3 O-O 6. Be3 e5 7. d5 Nh5 8. Qd2 f5
9. O-O-O Nd7 10. exf5 gxf5 11. Bd3 a6 12. Nge2 Nc5 13. Bc2 b5 14. Rhg1 Nf6 15.
b4 Nb7 16. cxb5 a5 17. a3 axb4 18. axb4 Qe8 19. Bb3 Bd7 20. Bc4 Qh5 21. Kb2 Qh4
22. f4 Ng4 23. h3 Nxe3 24. Qxe3 Nd8 25. Ra1 Nf7 26. Kb3 Qf6 27. Ra6 Rae8 28.
Rc1 Kh8 29. Rc2 exf4 30. Qxf4 Ne5 31. Ra7 Qd8 32. Nd4 Qb8 33. Rca2 Ng6 34. Qf2
Ne5 35. Nc6 Bxc6 36. bxc6 Nxc4 37. Kxc4 Qd8 38. Rb7 Qf6 39. Rc2 Re7 40. b5 Rfe8
41. b6 Qf7 42. bxc7 {#} 42... Re4+ 43. Nxe4 Rxe4+ 44. Kb5 Qxd5+ 45. Rc5 Qb3+
46. Ka6 Ra4+ 47. Ra5 Rxa5+ 48. Kxa5 Bc3+ 49. Rb4 Bxb4+ 50. Ka6 Qa3+ 51. Kb7 Bc5
52. c8=Q+ Kg7 53. Qd7+ Kg8 54. Qe6+ Kg7 55. Qe5+ dxe5 56. Qxf5 Qa7+ 57. Kc8 Bb6
58. Qxe5+ Kg6 59. Qe6+ Kg5 60. Qe5+ Kg6 61. Qe6+ Kg5 {remis} 1/2-1/2

[Event "ProMoPro Open 2003"]
[Site "?"]
[Date "2003.09.13"]
[Round "8.30"]
[White "Kudrna, Jakub"]
[Black "Hejl, Jaroslav"]
[Result "0-1"]
[WhiteElo "1796"]
[BlackElo "1709"]
[PlyCount "60"]
[EventDate "2003.09.06"]

1. d4 Nf6 2. c4 e6 3. Nf3 b6 4. e3 Bb7 5. Nc3 d5 6. Bd2 Be7 7. Rc1 O-O 8. cxd5
Nxd5 9. Bd3 Nd7 10. O-O c5 11. dxc5 Nxc5 12. Be2 Bf6 13. Nxd5 Bxd5 14. b3 Rc8
15. Bc3 Ne4 16. Bxf6 Qxf6 17. Qd4 Qxd4 18. Nxd4 Nc3 19. Ba6 Rc7 20. Rfd1 Be4
21. Ne2 Nxe2+ 22. Bxe2 Rxc1 23. Rxc1 g6 24. f3 Ba8 25. b4 Kg7 26. Rc7 a5 27.
bxa5 bxa5 28. Ra7 Rc8 29. Rxa5 Bb7 30. Ba6 Ra8 {bily se vzdal} 0-1

[Event "ProMoPro Open 2003"]
[Site "?"]
[Date "2003.09.13"]
[Round "8.18"]
[White "Nemcova, Katerina"]
[Black "Horinek, Karel"]
[Result "1-0"]
[WhiteElo "2031"]
[BlackElo "1946"]
[PlyCount "80"]
[EventDate "2003.09.06"]

1. e4 e5 2. f4 Bc5 3. Nf3 d6 4. Nc3 Nc6 5. Bb5 Nge7 6. Na4 O-O 7. fxe5 Bg4 8.
Nxc5 dxc5 9. Be2 Ng6 10. d3 Bxf3 11. Bxf3 Ngxe5 12. O-O Qd4+ 13. Kh1 b6 14. Be2
Rad8 15. Qe1 c4 16. c3 Nxd3 17. cxd4 Nxe1 18. Rxe1 Nxd4 19. Bd1 Rfe8 20. Bf4 c5
21. Rc1 b5 22. Bf3 Nxf3 23. gxf3 Rd3 24. Kg2 f6 25. Kf2 g5 26. Be3 Re5 27. Red1
Rxd1 28. Rxd1 g4 29. Rd5 Re6 30. Rxc5 a6 31. Rc7 h5 32. Rc5 h4 33. a4 bxa4 34.
Rxc4 g3+ 35. hxg3 hxg3+ 36. Kxg3 a3 37. bxa3 f5 38. Kf4 fxe4 39. fxe4 Kf7 40.
Rc7+ Ke8 {cerny se vzdal} 1-0

[Event "ProMoPro Open 2003"]
[Site "?"]
[Date "2003.09.13"]
[Round "8.26"]
[White "Horak, Karel"]
[Black "Cebis, Petr"]
[Result "1/2-1/2"]
[WhiteElo "1638"]
[BlackElo "1852"]
[PlyCount "42"]
[EventDate "2003.09.06"]

1. d4 e6 2. c4 f5 3. Nc3 Nf6 4. g3 d5 5. Bg2 c6 6. cxd5 exd5 7. Bf4 Bd6 8. Bxd6
Qxd6 9. e3 O-O 10. Qc2 Nbd7 11. Nf3 Ne4 12. O-O Kh8 13. Rad1 b6 14. Rfe1 h5 15.
h4 Ndf6 16. Ne5 Nd7 17. Nf3 Ba6 18. Qa4 Bb7 19. a3 Nef6 20. Ne2 Ne4 21. Nf4 Qh6
{remis} 1/2-1/2

[Event "ProMoPro Open 2003"]
[Site "?"]
[Date "2003.09.13"]
[Round "8.21"]
[White "Cabart, Pavel"]
[Black "Havrlik, Pavel"]
[Result "0-1"]
[WhiteElo "1250"]
[BlackElo "2003"]
[PlyCount "74"]
[EventDate "2003.09.06"]

1. e4 Nc6 2. d4 d5 3. e5 Bf5 4. c3 Qd7 5. Bb5 e6 6. Nf3 Bg4 7. O-O a6 8. Ba4
Nge7 9. b4 b5 10. Bc2 a5 11. bxa5 Nxa5 12. Ba3 Nc4 13. Bc5 Ng6 14. Bxf8 Nxf8
15. Nbd2 Nxd2 16. Qxd2 Bxf3 17. gxf3 Ng6 18. Qg5 Ra3 19. Bb3 h6 20. Qg4 Ne7 21.
Kh1 Nf5 22. Rg1 g6 23. f4 Qe7 24. Qe2 c6 25. Rg4 Qa7 26. Rag1 Ke7 27. Qd3 Rb8
28. Qh3 h5 29. Rg5 Ke8 30. Rxf5 exf5 31. e6 Rxa2 32. Bxa2 Qxa2 33. Qe3 Qc2 34.
exf7+ Kxf7 35. Rxg6 Re8 36. Rf6+ Kxf6 37. Qxe8 Qe4+ {bily se vzdal} 0-1

[Event "ProMoPro Open 2003"]
[Site "?"]
[Date "2003.09.13"]
[Round "8.15"]
[White "Dlouhy, David"]
[Black "Urbankova, Eva"]
[Result "0-1"]
[WhiteElo "1974"]
[BlackElo "2172"]
[PlyCount "66"]
[EventDate "2003.09.06"]

1. d4 Nf6 2. c4 d6 3. Nc3 g6 4. e4 Bg7 5. f3 O-O 6. Be3 e5 7. d5 c6 8. Qd2 cxd5
9. cxd5 Na6 10. Bd3 Nc5 11. Bc2 a5 12. Nge2 Ne8 13. Nb5 f5 14. exf5 gxf5 15.
Nec3 b6 16. O-O-O Bd7 17. Kb1 a4 18. Bg5 Bf6 19. h4 Ra5 20. Bxf6 Rxf6 21. Qe2
Nc7 22. Nxc7 Qxc7 23. Qd2 b5 24. b4 axb3 25. axb3 Ra8 26. Kb2 b4 27. Ne2 Rff8
28. Ra1 Rac8 29. Rhc1 Bb5 30. Ng3 e4 31. Nh5 Bd3 32. Nf4 Qg7+ 33. Kb1 Nxb3 {
bily se vzdal} 0-1

[Event "ProMoPro Open 2003"]
[Site "?"]
[Date "2003.09.13"]
[Round "8.13"]
[White "Masek, Miroslav"]
[Black "Kudela, Stanislav"]
[Result "1-0"]
[WhiteElo "2178"]
[BlackElo "2178"]
[PlyCount "81"]
[EventDate "2003.09.06"]

1. d4 Nf6 2. c4 e6 3. Nf3 Bb4+ 4. Nbd2 d5 5. c5 Nc6 6. a3 Bxd2+ 7. Bxd2 Ne4 8.
Be3 O-O 9. b4 Qf6 10. h3 Ne7 11. g4 Ng6 12. h4 Qd8 13. h5 Nh8 14. Qc1 f6 15.
Bg2 Nf7 16. Nd2 f5 17. gxf5 exf5 18. Bf4 c6 19. Nf3 a5 20. Ne5 axb4 21. axb4
Be6 22. f3 Nf6 23. Nxf7 Kxf7 24. Kf2 Rxa1 25. Qxa1 Qa8 26. h6 g6 27. e3 Nh5 28.
Be5 Rg8 29. Qb2 Qd8 30. b5 Bd7 31. bxc6 Bxc6 32. Qb1 Ke6 33. Bf1 Qa5 34. Be2
Nf6 35. Qg1 Qa2 36. Qg5 Rf8 37. Qf4 Bb5 38. Re1 Nh5 39. Qh2 Qd2 40. Kf1 Ra8 41.
Bxb5 {cerny se vzdal} 1-0

[Event "ProMoPro Open 2003"]
[Site "?"]
[Date "2003.09.13"]
[Round "8.1"]
[White "Cernousek, Lukas"]
[Black "Stross, Frantisek"]
[Result "1-0"]
[WhiteElo "2293"]
[BlackElo "2229"]
[PlyCount "85"]
[EventDate "2003.09.06"]

1. e4 c5 2. Nf3 e6 3. d4 cxd4 4. Nxd4 Nf6 5. Nc3 Nc6 6. Ndb5 Bb4 7. a3 Bxc3+ 8.
Nxc3 d5 9. exd5 exd5 10. Bd3 O-O 11. O-O Bg4 12. f3 Bh5 13. Bg5 Qb6+ 14. Kh1
Ne4 15. Nxe4 dxe4 16. Bxe4 Qxb2 17. Qb1 Qxb1 18. Raxb1 f5 19. Bd3 b6 20. Rb5
Bg6 21. f4 Rac8 22. Rd5 Rc7 23. Re1 Na5 24. Kg1 Nb7 25. Re7 Rf7 26. Re8+ Rf8
27. Rxf8+ Kxf8 28. Bxf5 Bxf5 29. Rxf5+ Kg8 30. Re5 h6 31. Re7 Rxe7 32. Bxe7 Kf7
33. Bb4 Ke6 34. g4 g6 35. Kf2 h5 {#} 36. f5+ gxf5 37. gxh5 Kf6 38. h4 Kg7 39.
Ke3 Nd8 40. Kf4 Ne6+ 41. Ke5 a5 42. Bd6 Kf7 43. h6 {cerny se vzdal} 1-0

[Event "ProMoPro Open 2003"]
[Site "?"]
[Date "2003.09.13"]
[Round "8.3"]
[White "Pirklova, Hana"]
[Black "Hausner, Ivan"]
[Result "0-1"]
[WhiteElo "2139"]
[BlackElo "2441"]
[PlyCount "146"]
[EventDate "2003.09.06"]

1. e4 c5 2. Nf3 d6 3. d4 cxd4 4. Nxd4 Nf6 5. Nc3 Nc6 6. Be2 e5 7. Nf3 h6 8. O-O
Be7 9. Re1 Be6 10. Bf1 O-O 11. Nd5 Bxd5 12. exd5 Nb8 13. c4 Nbd7 14. a3 a5 15.
b3 Re8 16. Rb1 Qc7 17. Bb2 Nb6 18. Rc1 Nfd7 19. b4 axb4 20. axb4 Nf6 21. Qb3
Qd7 22. Red1 Qa4 23. Qxa4 Rxa4 24. c5 Nbd7 25. c6 Nb6 26. Nxe5 Nbxd5 27. Nd7
bxc6 28. Nxf6+ Nxf6 29. Bxf6 gxf6 30. Rxc6 Rxb4 31. Re1 Kf8 32. Bc4 Bd8 33.
Rxe8+ Kxe8 34. h3 Bb6 35. Bd5 Rb2 36. Kh2 Kd7 37. Rc3 Bxf2 38. Rf3 Bd4 39. Bxf7
Be5+ 40. Kg1 Rd2 41. Bg6 Rd1+ 42. Kf2 Rd2+ 43. Kg1 Kc6 44. Rd3 Rb2 45. Be4+ Kc5
46. Kf1 Bd4 47. Ra3 Kb4 48. Rd3 Kc4 49. Rd1 Rf2+ 50. Ke1 Ra2 51. Kf1 Ra5 52.
Bf3 d5 53. Be2+ Kc5 54. Bf3 Ra4 55. Rc1+ Kd6 56. Rd1 f5 57. Rd2 f4 58. Rd1 Ke5
59. Ke2 Ra5 60. Rb1 Be3 61. Kd3 d4 62. Rb3 Kf5 63. Bc6 Kf6 64. Bf3 Kg5 65. Rb8
Ra3+ 66. Ke4 d3 67. Rb5+ Kf6 68. Rd5 d2 69. Rd3 Ra4+ 70. Kd5 Kg5 71. Kc6 Kh4
72. Rd6 Kg3 73. Rxh6 Ra6+ {bila se vzdala} 0-1

[Event "ProMoPro Open 2003"]
[Site "?"]
[Date "2003.09.13"]
[Round "8.11"]
[White "Kubikova, Hana"]
[Black "Forman, Miroslav"]
[Result "1-0"]
[WhiteElo "2145"]
[BlackElo "1826"]
[PlyCount "65"]
[EventDate "2003.09.06"]

1. d4 c5 2. d5 Nf6 3. c4 b5 4. cxb5 a6 5. Nc3 axb5 6. e4 b4 7. Nb5 d6 8. Bf4
Nxe4 9. Qe2 g5 10. Qxe4 gxf4 11. Bc4 Bg7 12. Nf3 b3 13. O-O Bxb2 14. Rab1 bxa2
15. Bxa2 Rxa2 16. Qc2 O-O 17. Ng5 f5 18. Rxb2 Rxb2 19. Qxb2 h6 20. Nh3 f3 21.
Nf4 fxg2 22. Re1 Kf7 23. Qe2 Rh8 24. Qh5+ Kg7 25. Qg6+ Kf8 26. Nh5 Rg8 27.
Qxh6+ Kf7 28. Qh7+ Kf8 29. Re6 Nd7 30. Nxd6 exd6 31. Qxf5+ Nf6 32. Rxf6+ Ke7
33. Qh7+ {cerny se vzdal} 1-0